[Event "ICC tourney 1897 (3 2)"]
[Site "Internet Chess Club"]
[Date "2020.07.03"]
[Round "5"]
[White "kptl132"]
[Black "investigator"]
[Result "1-0"]
[WhiteElo "1460"]
[BlackElo "1642"]
[PlyCount "83"]
[EventDate "2020.??.??"]

1. e4 d6 2. d4 Nf6 3. Bd3 e5 4. Nf3 Nc6 5. c3 Bg4 6. d5 Ne7 7. Nbd2 g6 8. Nf1
Bg7 9. Bg5 h6 10. Bxf6 Bxf6 11. Ne3 Bd7 12. c4 O-O 13. b4 Bg7 14. Qb3 f5 15.
Nd2 fxe4 16. Nxe4 Nf5 17. O-O Nd4 18. Qd1 a5 19. c5 Qe7 20. a3 axb4 21. axb4
Bf5 22. Rxa8 Rxa8 23. Ng3 Bxd3 24. Qxd3 Kh7 25. Ne4 Ra4 26. Nc4 Rxb4 27. cxd6
cxd6 28. Ncxd6 Rb3 29. Qc4 Bf8 30. Qc8 Ne2+ 31. Kh1 Nf4 32. h3 Nxd5 33. Rd1 Nf4
34. Rc1 Bg7 35. Rc7 Qh4 36. Rxg7+ Kxg7 37. Qd7+ Kg8 38. Qf7+ Kh8 39. Qf8+ Kh7
40. Nf6+ Qxf6 41. Qxf6 Rb1+ 42. Kh2 1-0

[Event "ICC tourney 1897 (3 2)"]
[Site "Internet Chess Club"]
[Date "2020.07.03"]
[Round "4"]
[White "kptl132"]
[Black "sirking2800"]
[Result "0-1"]
[WhiteElo "1423"]
[BlackElo "1586"]
[PlyCount "124"]
[EventDate "2020.??.??"]

1. e4 e5 2. Nf3 Nc6 3. Bc4 Nf6 4. d4 exd4 5. e5 Ng4 6. Bxf7+ Kxf7 7. Ng5+ Kg8
8. Qf3 Bb4+ 9. c3 Qe7 10. O-O h6 11. cxb4 hxg5 12. Qxg4 d6 13. Qxg5 Qxg5 14.
Bxg5 dxe5 15. Nd2 Bf5 16. Rae1 Kh7 17. Ne4 Nxb4 18. f4 Nd3 19. Re2 Nxf4 20.
Bxf4 exf4 21. Rxf4 g6 22. Ng5+ Kg7 23. Rxd4 Rad8 24. Rxd8 Rxd8 25. Ne6+ Bxe6
26. Rxe6 Rd1+ 27. Kf2 Rd2+ 28. Re2 Rd6 29. Re7+ Kf6 30. Rxc7 Rd2+ 31. Ke3 Rxb2
32. a4 a6 33. Kf3 Rb3+ 34. Kf2 Kf5 35. Rf7+ Ke6 36. Rg7 Kf6 37. Rc7 Kf5 38.
Rf7+ Kg4 39. h3+ Kg5 40. Rd7 Rb4 41. Rd5+ Kf6 42. a5 Ke6 43. Rg5 Kf6 44. Rc5
Rb2+ 45. Kg3 Rb3+ 46. Kh4 Rb5 47. Rc7 Ke5 48. Kg5 Kd6+ 49. Kxg6 Kxc7 50. h4
Rxa5 51. h5 Ra2 52. g4 b5 53. h6 b4 54. h7 Rh2 55. Kg7 b3 56. g5 b2 57. g6 b1=Q
58. h8=Q Rxh8 59. Kxh8 a5 60. g7 Qb2 61. Kh7 Qxg7+ 62. Kxg7 a4 0-1

[Event "ICC tourney 1897 (3 2)"]
[Site "Internet Chess Club"]
[Date "2020.07.03"]
[Round "3"]
[White "GHAAngel"]
[Black "kptl132"]
[Result "0-1"]
[WhiteElo "1658"]
[BlackElo "1447"]
[PlyCount "92"]
[EventDate "2020.??.??"]

1. d4 Nf6 2. c3 e6 3. Bf4 d5 4. e3 Bd6 5. Nf3 O-O 6. Bd3 Bxf4 7. exf4 Nbd7 8.
O-O c5 9. Ne5 cxd4 10. cxd4 Nb6 11. Nc3 Bd7 12. Rc1 Rc8 13. a3 Nc4 14. Qe2 b5
15. Bb1 Qe7 16. Qd3 Nxb2 17. Qh3 Nc4 18. Rfe1 h6 19. Ng4 Nxg4 20. Qxg4 Nxa3 21.
Ba2 Nc4 22. Qg3 Qd6 23. Bb1 b4 24. Qd3 g6 25. Ne2 a5 26. Ng3 Qxf4 27. Nh5 Qg5
28. Ng3 a4 29. Ba2 b3 30. Bxb3 axb3 31. Qxb3 Rc7 32. Qb4 Rfc8 33. Ra1 Qf4 34.
Qc3 Nd6 35. Qa3 Ne4 36. Nxe4 dxe4 37. h3 Kg7 38. Qe7 Bc6 39. Qc5 Bd5 40. Qa3
Qf5 41. Qb2 Rc2 42. Qxc2 Rxc2 43. Rf1 Qg5 44. g3 e3 45. Kh2 Rxf2+ 46. Rxf2 exf2
0-1

[Event "ICC tourney 1897 (3 2)"]
[Site "Internet Chess Club"]
[Date "2020.07.03"]
[Round "2"]
[White "kptl132"]
[Black "Mookmookarmy"]
[Result "0-1"]
[WhiteElo "1397"]
[BlackElo "1419"]
[PlyCount "36"]
[EventDate "2020.??.??"]

1. e4 e6 2. d4 d5 3. exd5 exd5 4. Bd3 Bd6 5. Nc3 Ne7 6. Nge2 c6 7. Bf4 Bf5 8.
Qd2 O-O 9. O-O-O Bxd3 10. Qxd3 Bxf4+ 11. Nxf4 Qd6 12. Nce2 Nd7 13. f3 Rfe8 14.
g4 Ng6 15. Nh5 Nb6 16. h4 Nc4 17. Neg3 Re3 18. Qf1 Qb4 0-1

[Event "ICC tourney 1897 (3 2)"]
[Site "Internet Chess Club"]
[Date "2020.07.03"]
[Round "1"]
[White "chessmagic22"]
[Black "kptl132"]
[Result "1-0"]
[WhiteElo "1523"]
[BlackElo "1421"]
[PlyCount "43"]
[EventDate "2020.??.??"]

1. e4 c5 2. Nf3 Nc6 3. d4 cxd4 4. Nxd4 g6 5. Nc3 Bg7 6. Be3 Nf6 7. Bc4 O-O 8.
Bb3 a5 9. f3 d5 10. exd5 Nb4 11. O-O Nbxd5 12. Nxd5 Nxd5 13. Bf2 a4 14. Bc4 a3
15. b3 e5 16. Nb5 Be6 17. Bc5 Re8 18. Nd6 e4 19. Bxd5 Bxd5 20. Qxd5 Bxa1 21.
Qxf7+ Kh8 22. Rxa1 1-0

[Event "ICC tourney 1897 (3 2)"]
[Site "Internet Chess Club"]
[Date "2020.07.03"]
[Round "3"]
[White "gmRohde"]
[Black "helavir"]
[Result "0-1"]
[WhiteElo "1718"]
[BlackElo "1960"]
[PlyCount "56"]
[EventDate "2020.??.??"]

1. Nf3 d5 2. c4 e6 3. d4 Nf6 4. Nc3 c6 5. e3 a6 6. a4 c5 7. Be2 Nc6 8. O-O Bd6
9. b3 O-O 10. Bb2 b6 11. Rc1 Bb7 12. cxd5 exd5 13. Bd3 Re8 14. Bb1 Rc8 15. h3
Nb4 16. Ne2 Ne4 17. Ne5 Bb8 18. Nf4 cxd4 19. Rxc8 Qxc8 20. exd4 f6 21. Ned3
Nxd3 22. Nxd3 Qc7 23. f4 a5 24. Ba3 Nc3 25. Qh5 Qd7 26. Bc2 Ne2+ 27. Kh2 Nxd4
28. Bd1 Ba6 0-1

[Event "ICC tourney 1897 (3 2)"]
[Site "Internet Chess Club"]
[Date "2020.07.03"]
[Round "2"]
[White "AdmiralMike"]
[Black "gmRohde"]
[Result "0-1"]
[WhiteElo "1748"]
[BlackElo "1745"]
[PlyCount "50"]
[EventDate "2020.??.??"]

1. e4 c5 2. Nf3 e6 3. d4 cxd4 4. Nxd4 Nc6 5. Nc3 Qc7 6. a3 Nf6 7. Be2 Be7 8.
O-O d6 9. Be3 O-O 10. Nb3 a6 11. f4 b5 12. Bf3 Bb7 13. Qd2 Rac8 14. g4 Rfe8 15.
g5 Nd7 16. Rad1 Nc5 17. Nd4 Bf8 18. Qg2 Nxd4 19. Bxd4 e5 20. Be3 exf4 21. Bxf4
Ne6 22. Be3 Bc6 23. Nd5 Bxd5 24. exd5 Nc5 25. c3 Rxe3 0-1

[Event "ICC tourney 1897 (3 2)"]
[Site "Internet Chess Club"]
[Date "2020.07.03"]
[Round "1"]
[White "gmRohde"]
[Black "ORSAJack88"]
[Result "1-0"]
[WhiteElo "1628"]
[BlackElo "1782"]
[PlyCount "77"]
[EventDate "2020.??.??"]

1. Nf3 d5 2. c4 c6 3. e3 Nf6 4. Nc3 e6 5. d4 Nbd7 6. a3 Bd6 7. Bd3 O-O 8. O-O
dxc4 9. Bxc4 e5 10. h3 exd4 11. exd4 Nb6 12. Ba2 h6 13. Qc2 Qc7 14. Bxh6 Nbd5
15. Bg5 Be6 16. Rae1 Rae8 17. Bb1 g6 18. Bh6 Bf5 19. Qd1 Rxe1 20. Rxe1 Nxc3 21.
bxc3 Bxb1 22. Bxf8 Bxf8 23. Qxb1 Bxa3 24. Ne5 Kg7 25. Qa2 Bd6 26. Qxa7 c5 27.
Nc4 cxd4 28. Qxd4 Bc5 29. Qe5 Bxf2+ 30. Kxf2 Qxc4 31. Re3 b5 32. Rf3 Qe6 33.
Qd4 Qa2+ 34. Kg1 Qe6 35. Rf1 g5 36. Qc5 Kg6 37. Qxb5 Qe3+ 38. Kh1 Qxc3 39. Qf5+
1-0

[Event "ICC tourney 1897 (3 2)"]
[Site "Internet Chess Club"]
[Date "2020.07.03"]
[Round "6"]
[White "Quinlandia"]
[Black "searchforbobby1"]
[Result "0-1"]
[WhiteElo "1168"]
[BlackElo "1987"]
[PlyCount "48"]
[EventDate "2020.??.??"]

1. d4 e6 2. Bf4 f5 3. e3 Nf6 4. Nf3 d5 5. c4 c6 6. Nc3 Bd6 7. Bxd6 Qxd6 8. Be2
O-O 9. O-O Bd7 10. Ne5 Be8 11. Qb3 b6 12. a4 Nbd7 13. cxd5 exd5 14. f4 Rc8 15.
Bf3 Kh8 16. Rac1 Ne4 17. Rfd1 Nxe5 18. fxe5 Qh6 19. Nxd5 Bf7 20. Bxe4 fxe4 21.
Rc2 Bxd5 22. Qb4 Qxe3+ 23. Kh1 Qd3 24. Rdc1 Rf1+ 0-1

[Event "ICC tourney 1897 (3 2)"]
[Site "Internet Chess Club"]
[Date "2020.07.03"]
[Round "5"]
[White "Quinlandia"]
[Black "GreenTint"]
[Result "1/2-1/2"]
[WhiteElo "1146"]
[BlackElo "2019"]
[PlyCount "102"]
[EventDate "2020.??.??"]

1. d4 Nf6 2. Bf4 d5 3. e3 c6 4. c4 Nbd7 5. Nc3 g6 6. Nf3 Bg7 7. h3 Nb6 8. c5
Nbd7 9. b4 a5 10. b5 h6 11. Qa4 g5 12. Bh2 Nb8 13. Bxb8 Rxb8 14. bxc6 bxc6 15.
Qxc6+ Bd7 16. Qa6 O-O 17. Ne5 Rb2 18. Nxd7 Qxd7 19. Qxa5 Qf5 20. Be2 Ne4 21.
Rf1 Rfb8 22. c6 Nxc3 23. Qxc3 Rb1+ 24. Rxb1 Qxb1+ 25. Bd1 Rc8 26. c7 Qxa2 27.
Bg4 Qb1+ 28. Ke2 Qa2+ 29. Kf3 e6 30. Qc6 Qa8 31. Qxa8 Rxa8 32. Rc1 Rc8 33. Kg3
Bf8 34. e4 Bd6+ 35. Kf3 dxe4+ 36. Kxe4 Rxc7 37. Rxc7 Bxc7 38. d5 exd5+ 39. Kxd5
Kg7 40. Ke4 Kg6 41. Bf5+ Kf6 42. g4 Bf4 43. Kd5 Bh2 44. f3 Bf4 45. Kc6 Ke7 46.
Kd5 Bg3 47. Ke4 Bf4 48. h4 Bc1 49. h5 Bf4 50. Bh7 Kf6 51. Bf5 Bc1 1/2-1/2

[Event "ICC tourney 1897 (3 2)"]
[Site "Internet Chess Club"]
[Date "2020.07.03"]
[Round "3"]
[White "Quinlandia"]
[Black "Candychessguru"]
[Result "0-1"]
[WhiteElo "1097"]
[BlackElo "1720"]
[PlyCount "92"]
[EventDate "2020.??.??"]

1. d4 Nf6 2. Bf4 e6 3. e3 b6 4. Nf3 Bb7 5. c4 Bb4+ 6. Nc3 O-O 7. Bd3 d6 8. O-O
Bxc3 9. bxc3 Ne4 10. Qc2 f5 11. Rab1 Nd7 12. Nd2 Nxd2 13. Qxd2 Qf6 14. h3 Rad8
15. c5 e5 16. cxb6 axb6 17. Bh2 Kh8 18. Be2 Be4 19. Rb5 Bc6 20. Rb4 Bb7 21. a4
Ra8 22. Ra1 Ra5 23. Bb5 c6 24. Be2 c5 25. dxc5 Rxc5 26. a5 Ra8 27. a6 Bc6 28.
a7 h6 29. Rb3 Ra5 30. Rxa5 bxa5 31. Bb5 Bxb5 32. Rxb5 Rxa7 33. Qd5 a4 34. Ra5
Rxa5 35. Qxa5 Nc5 36. Qa8+ Kh7 37. f3 Qe6 38. Kh1 Qb3 39. Qc8 Qc2 40. Bg1 Qd3
41. e4 fxe4 42. Qf5+ Kg8 43. Qc8+ Kf7 44. Qf5+ Ke7 45. Bf2 exf3 46. Bxc5 Qxf5
0-1

[Event "ICC tourney 1897 (3 2)"]
[Site "Internet Chess Club"]
[Date "2020.07.03"]
[Round "2"]
[White "ickyquarter"]
[Black "Quinlandia"]
[Result "1-0"]
[WhiteElo "1647"]
[BlackElo "1084"]
[PlyCount "27"]
[EventDate "2020.??.??"]

1. e4 c6 2. d4 d5 3. f3 dxe4 4. fxe4 e5 5. Nf3 Bg4 6. Bc4 Nf6 7. Bxf7+ Kxf7 8.
Nxe5+ Ke8 9. Nxg4 Be7 10. Nxf6+ Bxf6 11. e5 Bg5 12. Qh5+ Kf8 13. Qxg5 Qxd4 14.
Qf4+ 1-0

[Event "ICC tourney 1897 (3 2)"]
[Site "Internet Chess Club"]
[Date "2020.07.03"]
[Round "1"]
[White "Quinlandia"]
[Black "Venegas"]
[Result "0-1"]
[WhiteElo "1074"]
[BlackElo "1423"]
[PlyCount "84"]
[EventDate "2020.??.??"]

1. d4 Nf6 2. Bf4 c5 3. e3 g6 4. c3 Bg7 5. Nf3 cxd4 6. exd4 O-O 7. Nbd2 d6 8.
Be2 Nc6 9. O-O a6 10. h3 Re8 11. Bh2 b5 12. Qb3 Be6 13. c4 Na5 14. Qb4 bxc4 15.
Nxc4 Nxc4 16. Bxc4 Rb8 17. Qa4 Bxc4 18. Qxc4 Rxb2 19. Qxa6 Qa8 20. Qxa8 Rxa8
21. a4 Ra5 22. Ra3 Ne4 23. Rc1 f5 24. Rc8+ Kf7 25. Bf4 h6 26. Be3 Rb4 27. g4
Rbxa4 28. Rxa4 Rxa4 29. gxf5 gxf5 30. Kg2 Ra2 31. Nh4 f4 32. Bxf4 Rxf2+ 33. Kg1
Rxf4 34. Ng2 Bxd4+ 35. Kh2 Rf2 36. Rc4 e5 37. Rc7+ Ke6 38. Rc8 Rf1 39. Re8+ Kd7
40. Rh8 Bg1+ 41. Kh1 Bf2+ 42. Kh2 Bg3# 0-1

[Event "ICC tourney 1897 (3 2)"]
[Site "Internet Chess Club"]
[Date "2020.07.03"]
[Round "4"]
[White "dopolian"]
[Black "GLeschinsky"]
[Result "1-0"]
[WhiteElo "1867"]
[BlackElo "1400"]
[PlyCount "89"]
[EventDate "2020.??.??"]

1. e4 c5 2. Nf3 e6 3. d4 cxd4 4. Nxd4 a6 5. Bd3 Qc7 6. O-O Nf6 7. c4 d6 8. Nc3
Nbd7 9. Be3 Be7 10. Rc1 b6 11. Qe2 Bb7 12. Rfd1 O-O 13. f3 Rfe8 14. Qf2 Bd8 15.
b4 Qb8 16. Kh1 Bc7 17. Qg1 Ne5 18. Bf1 Kh8 19. Nb3 Rg8 20. Bxb6 g5 21. Bxc7
Qxc7 22. c5 g4 23. cxd6 Qd8 24. f4 Ng6 25. Nc5 Bc6 26. Qe3 Nh5 27. Qd4+ e5 28.
fxe5 Qh4 29. e6+ f6 30. Ne2 g3 31. h3 Ne5 32. Rc3 Bb5 33. Nd7 Nxd7 34. exd7
Bxd7 35. e5 Qxd4 36. Nxd4 fxe5 37. Nf3 Rge8 38. Rc7 Ba4 39. Re1 e4 40. Ng5 e3
41. Rxh7+ Kg8 42. Bc4+ Kf8 43. Rf7+ Kg8 44. Re7+ Kh8 45. Rh7# 1-0

[Event "ICC tourney 1897 (3 2)"]
[Site "Internet Chess Club"]
[Date "2020.07.03"]
[Round "3"]
[White "GLeschinsky"]
[Black "playtowin2020"]
[Result "1/2-1/2"]
[WhiteElo "1393"]
[BlackElo "1525"]
[PlyCount "268"]
[EventDate "2020.??.??"]

1. d4 Nf6 2. c4 e6 3. Nc3 Bb4 4. f3 d5 5. a3 Be7 6. e4 c6 7. e5 Nfd7 8. f4 O-O
9. cxd5 cxd5 10. Nf3 f6 11. Bd3 fxe5 12. fxe5 Re8 13. O-O Nc6 14. Bxh7+ Kxh7
15. Ng5+ Bxg5 16. Qh5+ Kg8 17. Bxg5 Ne7 18. Qf7+ Kh8 19. Rf3 Nf8 20. Rh3+ Nh7
21. Bxe7 Rxe7 22. Qg6 Qg8 23. Rf1 Bd7 24. Rf4 Be8 25. Qg5 Rf7 26. Rxh7+ Qxh7
27. Rh4 Kg8 28. Rxh7 Kxh7 29. h3 Rf5 30. Qe7 Bc6 31. Qxe6 Raf8 32. Qe7 R8f7 33.
Qh4+ Kg8 34. e6 R7f6 35. e7 Kf7 36. Qe1 Re6 37. Qd1 Kxe7 38. Qg4 g6 39. Kh2
Ref6 40. Qg3 Kd7 41. Qb8 a6 42. Qg8 Kc7 43. Qg7+ Kb8 44. Qe7 Rf8 45. Qd6+ Ka8
46. Qxg6 Rf2 47. b4 R2f7 48. Ne2 Re7 49. Ng3 Rfe8 50. h4 Rh8 51. h5 Reh7 52.
Kg1 Be8 53. Qg5 Bxh5 54. Qxd5 Be8 55. Qe5 Bc6 56. d5 Bd7 57. d6 Bc6 58. Nf5 Rd8
59. Ne7 Re8 60. Qc5 Bd7 61. Qc7 Bc6 62. d7 Bxd7 63. Qxd7 Rhxe7 64. Qd2 Re1+ 65.
Kf2 R1e4 66. g3 Rf8+ 67. Kg2 Ree8 68. Qd3 Rd8 69. Qe3 Rfe8 70. Qf3 Rf8 71. Qc3
Rc8 72. Qb2 Rfd8 73. g4 Rd3 74. a4 Rdc3 75. Qb1 Rc2+ 76. Kg3 R8c3+ 77. Kh4 Rh2+
78. Kg5 Rch3 79. Qe4 Rh8 80. Qe6 R2h7 81. b5 Rg7+ 82. Kf4 Rf8+ 83. Kg3 Ka7 84.
bxa6 bxa6 85. Qe3+ Ka8 86. Qe4+ Rb7 87. a5 Rfb8 88. Qc6 Ka7 89. Qc5+ Ka8 90.
Qd5 Ka7 91. Qd4+ Ka8 92. Qe4 Ka7 93. Qe3+ Ka8 94. Qe6 Ka7 95. g5 Rb3+ 96. Kg4
R3b7 97. g6 Rb4+ 98. Kh5 R4b5+ 99. Kh6 R5b7 100. g7 Rxg7 101. Kxg7 Rb5 102.
Qe3+ Ka8 103. Qc3 Ka7 104. Kf6 Ka8 105. Ke6 Ka7 106. Kd6 Ka8 107. Kc6 Ka7 108.
Qg7+ Ka8 109. Qf8+ Ka7 110. Qe7+ Ka8 111. Qd8+ Ka7 112. Qc7+ Ka8 113. Qd8+ Ka7
114. Qd2 Ka8 115. Kc7 Rb7+ 116. Kc6 Rb5 117. Qd7 Kb8 118. Qd8+ Ka7 119. Qc7+
Ka8 120. Qd7 Kb8 121. Qd8+ Ka7 122. Qc7+ Ka8 123. Qf4 Ka7 124. Qe3+ Ka8 125.
Qf3 Ka7 126. Kc7 Rc5+ 127. Kd6 Rb5 128. Qc3 Ka8 129. Qc7 Rb7 130. Qc5 Rb5 131.
Qc7 Rb7 132. Qd8+ Ka7 133. Kc6 Rb5 134. Qc7+ Ka8 1/2-1/2

[Event "ICC tourney 1897 (3 2)"]
[Site "Internet Chess Club"]
[Date "2020.07.03"]
[Round "2"]
[White "Aniketshukla"]
[Black "GLeschinsky"]
[Result "0-1"]
[WhiteElo "1364"]
[BlackElo "1372"]
[PlyCount "106"]
[EventDate "2020.??.??"]

1. e4 c6 2. d4 d5 3. exd5 cxd5 4. Bd3 Nc6 5. c3 Nf6 6. Bf4 Bg4 7. Qb3 Qc8 8.
Nd2 e6 9. Ngf3 Be7 10. O-O O-O 11. Rac1 Bh5 12. Rfe1 Bg6 13. Bxg6 hxg6 14. h3
a6 15. c4 Na5 16. Qa4 Nxc4 17. Nxc4 dxc4 18. Rxc4 Qd8 19. Qc2 Nd5 20. Bh2 b5
21. Rc6 Nb4 22. Qc3 Nxc6 23. Qxc6 Qc8 24. Qe4 Rd8 25. Ne5 Bf6 26. Nf3 Qd7 27.
Be5 Qd5 28. Qf4 Bxe5 29. dxe5 Rac8 30. Ng5 Rd7 31. Qh4 Qd2 32. Qh7+ Kf8 33. Nf3
Qh6 34. Qxh6 gxh6 35. g4 Rc2 36. Rb1 Kg7 37. g5 hxg5 38. Nxg5 Rdd2 39. Ne4 Re2
40. f3 Rxb2 41. Rd1 Rg2+ 42. Kf1 Rh2 43. Ng3 Rxh3 44. Ne2 Rh1+ 45. Ng1 Rxa2 46.
Re1 b4 47. Rb1 a5 48. Rc1 b3 49. Rb1 b2 50. Kg2 Rxg1+ 51. Rxg1 b1=Q+ 52. Kg3
Qxg1+ 53. Kf4 Ra4# 0-1

[Event "ICC tourney 1897 (3 2)"]
[Site "Internet Chess Club"]
[Date "2020.07.03"]
[Round "1"]
[White "GLeschinsky"]
[Black "sirking2800"]
[Result "0-1"]
[WhiteElo "1308"]
[BlackElo "1582"]
[PlyCount "64"]
[EventDate "2020.??.??"]

1. d4 Nf6 2. c4 g6 3. Nc3 Bg7 4. e4 d6 5. Nge2 O-O 6. f3 Nbd7 7. Be3 c5 8. d5
a6 9. a4 Qa5 10. Ng3 Qb4 11. Qd2 Qa5 12. Be2 b5 13. cxb5 axb5 14. Nxb5 Qb6 15.
O-O Ba6 16. Rac1 Rfb8 17. b4 Ne8 18. bxc5 Nxc5 19. Rb1 Qd8 20. Nd4 Bxe2 21.
Qxe2 Rxa4 22. Nc6 Qd7 23. Rxb8 Bf8 24. Rfb1 Na6 25. R8b7 Qc8 26. Nxe7+ Bxe7 27.
Rxe7 Nc5 28. Bxc5 Qxc5+ 29. Qf2 Qc8 30. h3 Nc7 31. Rc1 Qd8 32. Rexc7 Qa8 0-1

[Event "ICC tourney 1897 (3 2)"]
[Site "Internet Chess Club"]
[Date "2020.07.03"]
[Round "2"]
[White "espark"]
[Black "andrewjiang2"]
[Result "1-0"]
[WhiteElo "1599"]
[BlackElo "1102"]
[PlyCount "23"]
[EventDate "2020.??.??"]

1. e4 e5 2. Nf3 Nc6 3. Bc4 Bc5 4. d3 Nf6 5. c3 h6 6. a4 a5 7. O-O O-O 8. h3 d6
9. Re1 Re8 10. Nbd2 d5 11. exd5 Nxd5 12. d4 1-0

[Event "ICC tourney 1897 (3 2)"]
[Site "Internet Chess Club"]
[Date "2020.07.03"]
[Round "1"]
[White "justinchess"]
[Black "andrewjiang2"]
[Result "0-1"]
[WhiteElo "2152"]
[BlackElo "1103"]
[PlyCount "44"]
[EventDate "2020.??.??"]

1. Nf3 Nf6 2. b3 e6 3. Bb2 d5 4. g3 Be7 5. Bg2 O-O 6. O-O c5 7. c4 Nc6 8. cxd5
exd5 9. d4 Be6 10. Nc3 Rc8 11. Rc1 cxd4 12. Nxd4 Nxd4 13. Qxd4 Bc5 14. Qd3 a6
15. e3 Qe7 16. Ne2 Rfd8 17. Rc2 Ba3 18. Bxa3 Qxa3 19. Rfc1 g6 20. Nd4 Qxc1+ 21.
Rxc1 Rxc1+ 22. Bf1 Bh3 0-1

[Event "ICC tourney 1897 (3 2)"]
[Site "Internet Chess Club"]
[Date "2020.07.03"]
[Round "2"]
[White "Kokoro"]
[Black "chessasuke91"]
[Result "1-0"]
[WhiteElo "1862"]
[BlackElo "2594"]
[PlyCount "65"]
[EventDate "2020.??.??"]

1. c4 Nf6 2. Nf3 e6 3. g3 b6 4. Bg2 Bb7 5. O-O Be7 6. Nc3 c5 7. d4 cxd4 8. Qxd4
O-O 9. Rd1 Nc6 10. Qf4 Rc8 11. b3 Ne8 12. Bb2 a6 13. e4 Qc7 14. e5 f5 15. Rac1
h6 16. h4 Bc5 17. a3 a5 18. Nb5 Qd8 19. Rd2 Rf7 20. Rcd1 Ba8 21. h5 Nb8 22. Nh4
Bxg2 23. Kxg2 Qe7 24. Qf3 Rc6 25. Ng6 Qd8 26. Bc3 Nc7 27. Na7 Qe8 28. b4 axb4
29. axb4 Bf8 30. Nxc6 Nxc6 31. b5 Nd8 32. Bd4 Nb7 33. Qxb7 1-0

[Event "ICC tourney 1897 (3 2)"]
[Site "Internet Chess Club"]
[Date "2020.07.03"]
[Round "1"]
[White "chessasuke91"]
[Black "Goran21"]
[Result "1-0"]
[WhiteElo "2599"]
[BlackElo "1621"]
[PlyCount "101"]
[EventDate "2020.??.??"]

1. e4 c5 2. Nf3 d6 3. d4 cxd4 4. Nxd4 Nf6 5. Nc3 a6 6. f3 e5 7. Nb3 Be6 8. Be3
Be7 9. Be2 O-O 10. Nd5 Nxd5 11. exd5 Bc8 12. O-O f5 13. a4 Nd7 14. a5 f4 15.
Bf2 Nf6 16. c4 Qe8 17. Bd3 Qh5 18. Nd2 g5 19. h3 Qf7 20. Ne4 Nxe4 21. Bxe4 h5
22. Ra3 Qg7 23. Re1 g4 24. hxg4 hxg4 25. Kf1 g3 26. Bb6 Qh6 27. Ke2 Bf5 28. Qd3
Bd7 29. Raa1 Rac8 30. Rh1 Qg5 31. b3 Rf7 32. Kd2 Rg7 33. Kc2 Bf8 34. Kb2 Kf7
35. Rac1 Be7 36. b4 Bd8 37. c5 Bb5 38. Qb1 Bxb6 39. cxb6 Rxc1 40. Qxc1 Qd8 41.
Qc7+ Qe7 42. Bf5 Kf6 43. Qc8 e4 44. Be6 exf3 45. Qc3+ Kg5 46. Qxf3 Qf6+ 47. Ka3
Qd4 48. Qg4+ Kf6 49. Rh6+ Ke7 50. Qh4+ Qf6 51. Qxf6+ 1-0

[Event "ICC tourney 1897 (3 2)"]
[Site "Internet Chess Club"]
[Date "2020.07.03"]
[Round "1"]
[White "yogokings12"]
[Black "PushU2Blunders"]
[Result "0-1"]
[WhiteElo "1375"]
[BlackElo "1715"]
[PlyCount "66"]
[EventDate "2020.??.??"]

1. e4 c5 2. Nf3 d6 3. d4 cxd4 4. Nxd4 Nf6 5. Nc3 a6 6. Bg5 Nbd7 7. f4 Qc7 8.
Qf3 e6 9. O-O-O Be7 10. g4 h6 11. Bxf6 Bxf6 12. h4 b5 13. Bg2 Bb7 14. g5 Bxd4
15. Rxd4 O-O-O 16. a3 Nb6 17. Rhd1 Nc4 18. Qe2 Kb8 19. e5 Bxg2 20. Qxg2 Ne3 21.
Qe4 Nxd1 22. Rxd1 dxe5 23. fxe5 Rxd1+ 24. Nxd1 Qc4 25. Qg2 Rc8 26. Nc3 Qf4+ 27.
Kb1 hxg5 28. Qxg5 Qxg5 29. hxg5 Rc5 30. Ne4 Rxe5 31. Nd6 Rxg5 32. Nxf7 Rf5 33.
Nd6 Rf4 0-1